000 00528pab a2200181 454500
008 180718b2005 xxu||||| |||| 00| 0 eng d
100 _aCabo, Paula
245 _aWhy do agricultural credit cooperatives merge?: the Portuguese experience
260 _c2005
300 _ap.491-516.
362 _aSep
650 _aCooperatives - Portugues
650 _aAgricultural credit - Portugues
650 _aAgricultural credit
700 _aRebelo, Joao
773 _aAnnals of Public and Cooperative Economics
909 _a67369
999 _c67369
_d67369